| 000 | 01383nam a2200397 4500 | ||
|---|---|---|---|
| 003 | EC-UNACH | ||
| 005 | 20250515164435.0 | ||
| 006 | s||||gr|||| 00| 00 | ||
| 008 | 150116t9999 mx r gr 000 0 spa d | ||
| 020 | _a9789942855909 | ||
| 040 |
_aEC-UNACH _cEC-UNACH |
||
| 041 | _aspa | ||
| 082 | 0 | 4 |
_223 _a300 _bL017783 |
| 110 | _aCentro Latinoamericano para el Desarrollo Rural | ||
| 245 | _aNecedad de la Memoria. Apuntes de una crítica al poder | ||
| 250 | _aPrimera edición | ||
| 264 |
_aQuito – Ecuador _bRIMISP / CAAP _c2015 |
||
| 300 |
_a354 páginas _bImágenes _c14,5 X 21 cm |
||
| 505 | _aPresentación -- Prólogo -- Introducción -- I. Democracia y Gobierno -- II. El Desarrollo en clave de libertad -- III. El Empedrado Camino del Comercio -- IV. El País Rural -- V. Miradas Recuerdos y Emociones -- | ||
| 650 | _aCULTURA CÍVICA | ||
| 650 | _aCAMBIOS DE GABINETE | ||
| 650 | _aCORREA Y SU PLAN ECONÓMICO | ||
| 650 | _aLA CONSTITUCIÓN 2008 | ||
| 650 | _aUNIÓN EUROPEA | ||
| 650 | _aSOCIALISMO SIGLO XXI | ||
| 700 | _aChiriboga Vega, Manuel | ||
| 700 | _aRhon Dávila, Francisco | ||
| 700 | _aJaramillo, Grace | ||
| 942 |
_2ddc _c1 |
||
| 999 | _c13582 | ||